000 00458nam a2200181Ia 4500
008 230917s9999||||xx |||||||||||||| ||und||
020 _cGBP52.99
040 _e241344
_aMAIN
041 _aEnglish
082 _a152 P653B(10)
100 _aPinel, John P J
245 0 _aBiopsychology
250 _a10th ed.
260 _aHarlow
_bPearson Education
_c2018
300 _a619 p.
500 _a2796 25/07/2017 PBA17/517 25/07/2017 Main Budget
942 _cBK
999 _c23328
_d23328